| 000 | 00509nam a2200217Ia 4500 | ||
|---|---|---|---|
| 008 | 170918s9999 xx 000 0 und d | ||
| 020 | _a439691443 | ||
| 050 | _bS857 2005 | ||
| 100 | _aStilton, Geronimo | ||
| 245 | 4 | _aThe wild, wild west / | |
| 245 | _cby Geronimo Stilton. | ||
| 260 | _aNew York : | ||
| 260 | _bScholastic, | ||
| 260 | _c2005 | ||
| 300 | _a106 pages : | ||
| 300 | _bcolor illustrations ; | ||
| 300 | _c19cm. | ||
| 300 | _eGeronimo Stilton ; | ||
| 440 | _a21 | ||
| 500 | _a460 | ||
| 999 |
_c343702 _d343702 |
||